000 00907nam a2200205Ia 4500
003 OSt
005 20250714125649.0
008 210210b2003 xxu||||| |||| 00| 0 eng d
040 _cAL
041 _aKannada
082 _aK894.8 SAMA
100 _aSAMAGRA DASA SAHITYA.
_9151178
_dಸಮಗ್ರ ದಾಸ ಸಾಹಿತ್ಯ
245 _aSamagra dasa sahitya: samputa; 29, Bhaga 2, Asgihala govindadasara hagu karpara naraharidasara kirtanegalu.
_bಸಮಗ್ರ ದಾಸ ಸಾಹಿತ್ಯ : ಸಂಪುಟ ೨೯, ಭಾಗ ೨, ಅಸ್ಗಿಹಾಳ ಗೋವಿಂದದಾಸರ ಹಾಗೂ ಕಾರ್ಪರ ನರಹರಿದಾಸರ ಕೀರ್ತನೆಗಳು
260 _aBengaluru
_bKannada mattu Samskrati Nirdeshanalalya
_c2003
300 _a51,207
650 _aDasasahitya
_9151179
690 _aKannada Miscellaneous
_9151180
906 _a059405
942 _2ddc
_cBK
999 _c106595
_d106595